Gobiernos pluriétnicos: la construcción de regiones autónomas en la Costa Atlántica-Caribe de Nicaragua /
שמור ב:
| מחבר ראשי: | |
|---|---|
| פורמט: | Texto |
| שפה: | Spanish |
| נושאים: | |
| תגים: |
הוספת תג
אין תגיות, היה/י הראשונ/ה לתייג את הרשומה!
|
MARC
| LEADER | 00000 a a2200000 04500 | ||
|---|---|---|---|
| 001 | 12273 | ||
| 003 | cru IIS | ||
| 005 | 20220915090326.0 | ||
| 008 | 220915b |||||||| |||| 00| 0 spa d | ||
| 040 | |c cru IIS | ||
| 100 | |a González Pérez, Miguel | ||
| 245 | |a Gobiernos pluriétnicos: |b la construcción de regiones autónomas en la Costa Atlántica-Caribe de Nicaragua / |c Miguel González Pérez | ||
| 500 | |a Colección Centroamérica | ||
| 650 | |a AUTONOMIA | ||
| 650 | |a GOBIERNO REGIONAL | ||
| 650 | |a PLURALISMO CULTURAL | ||
| 650 | |a CARIBE | ||
| 650 | |a NICARAGUA | ||
| 773 | |g volumen 2, número 4 Nueva é; páginas 168-177 | ||
| 773 | 0 | |0 43109 |9 6079 |a Coordinadora Regional de Investigaciones Económicas y Sociales |d Managua, Nicaragua: CRIES, 1982- |o 02955 |t Pensamiento Propio / | |
| 942 | |2 ddc |c PP | ||
| 999 | |c 28024 |d 28024 | ||
